Championnats du monde de volley-ball : meilleurs joueurs. - Statistiques

Statistiques générales
  • Ce quiz a été pris 7 fois
  • Le résultat moyen est 4 sur 15
Statistiques - réponses
Hint Réponse % Correct
2018 Bartosz Kurek
67%
2022 Simone Giannelli
67%
1994 Lorenzo Bernardi
33%
1986 Philippe Blain
33%
1982 Vyacheslav Zaytsev
33%
1990 Andrea Lucchetta
17%
2010 Murilo Endres
17%
2006 Gilberto Godoy Filho
17%
2002 Marcos Milinkovic
17%
2014 Mariusz Wlazły
17%
1978 Non décerné
17%
1949-1966 Non décernés
17%
1998 Rafael Pascual
17%
1970 Rudi Schumann
17%
1974 Stanisław Gosciniak
17%
Aucun quiz correspondant
Distribution des résultats
% des personnes avec chaque résultat
Percentile par nombre de réponses
Votre historique - résultats
Vous n’avez pas pris ce quiz